LEADER 00984nam0-22002891i-450 001 990001784380403321 005 20190701134352.0 035 $a000178438 035 $aFED01000178438 035 $a(Aleph)000178438FED01 035 $a000178438 100 $a20021010d1987----km-y0itay50------ba 101 0 $aita 200 1 $aAtti del XXI simposio internazionale di zootecnia dedicato a il controllo di qualita del latte e derivati, Milano, 15aprile 1986. 210 $aMilano$cCLESAV$d1987 215 $a250 p.$d24 cm 610 0 $aLatte 676 $a637.1 710 12$aSimposio internazionale di zootecnia,$d21.$f<1986 ;$eMilano>$0356681 801 0$aIT$bUNINA$gRICA$2UNIMARC 901 $aBK 912 $a990001784380403321 952 $a60 637.1 ASIZ 1987$b4657$fFAGBC 959 $aFAGBC 996 $aAtti del XXI simposio internazionale di zootecnia dedicato a il controllo di qualita del latte e derivati, Milano, 15aprile 1986$9408104 997 $aUNINA DB $aING01 LEADER 02721nam 2200385z- 450 001 9910793471203321 005 20230123224150.0 010 $a0-522-87228-X 035 $a(CKB)4100000007758715 035 $a(MiAaPQ)EBC5683228 035 $a(EXLCZ)994100000007758715 100 $a20190317d2018 uy 0 101 0 $aeng 181 $ctxt$2rdacontent 182 $cc$2rdamedia 183 $acr$2rdacarrier 200 10$aFair share $ecompeting claims and Australia's economic future /$fStephen Bell, Michael Keating 210 1$aCarlton, Vic.:$cMelbourne University Press Digital,$d2018. 215 $a1 online resource 311 0 $a0-522-87227-1 327 $aIntro; Title; Copyright; Contents; Acknowledgements; Introduction; 1 The Political Economy of Competing Claims; 2 The Challenge of Stagflation and Subsequent Reforms; 3 Globalisation, Economic Growth and Restructuring; 4 Strategies for Australian Economic Restructuring and Development; 5 Investment and Economic Growth; 6 Labour Market and Employment Challenges; 7 Inequality and Redistribution Internationally; 8 Inequality and Redistribution in Australia; 9 Households, Debt and Real Estate Internationally; 10 Households, Debt and Real Estate in Australia 11 The Quest for Macroeconomic Stabilisation12 Fiscal Policy Challenges; 13 Conclusions and the Governance Challenge; Notes; References; Index 330 $aWinners and losers: it's the brutal reality in most advanced economies. Increased inequality, economic stagnation and financial instability are the consequences of technological change, globalisation and the massive increase in financial systems. Governments struggle to deal with the unrest this creates and to resolve competing claims for the spoils of growth. Australia's egalitarian traditions and past reforms have served the country well, but the risks of weakening demand, stagnating living standards and structural unemployment are growing and require urgent attention. Does Australia have the fiscal and political capacity to achieve a reform agenda? Can the Australian political system manage these vital changes? Will voters support them? Fair Share ignites the necessary debate to instigate action. 606 $aEconomic forecasting$zAustralia 606 $aEquality$xEconomic aspects$zAustralia 607 $aAustralia$xPolitics and government$y21st century 607 $aAustralia$xEconomic conditions$y21st century 615 0$aEconomic forecasting 615 0$aEquality$xEconomic aspects 676 $a338.994 700 $aBell$b Stephen$f1954-$01529537 702 $aKeating$b Michael$f1940- 906 $aBOOK 912 $a9910793471203321 996 $aFair share$93857260 997 $aUNINA LEADER 01928nam 2200385z- 450 001 9910346929203321 005 20210211 010 $a1000009830 035 $a(CKB)4920000000101230 035 $a(oapen)https://directory.doabooks.org/handle/20.500.12854/51340 035 $a(oapen)doab51340 035 $a(EXLCZ)994920000000101230 100 $a20202102d2009 |y 0 101 0 $ager 135 $aurmn|---annan 181 $ctxt$2rdacontent 182 $cc$2rdamedia 183 $acr$2rdacarrier 200 00$aLadungstransportmodell dielektrisch behinderter Entladungen 210 $cKIT Scientific Publishing$d2009 215 $a1 online resource (163 p. p.) 311 08$a3-86644-308-0 330 $aMit dielektrisch behinderten Entladungen (DBE) ist es mo?glich Lichtquellen auf dem Prinzip der Leuchtstofflampe quecksilberfrei und fla?chig in beliebiger Form zu gestalten.Charakteristisch fu?r die DBE ist die Abha?ngigkeit der Entladungsform und -effizienz von der elektrischen Anregung. Fu?r ein besseres Versta?ndnis der Vorga?nge im Plasma der DBE wird hier ein analoges Messverfahren vorgestellt, dass die Bestimmung der inneren elektrischen Gro?ßen erlaubt. Die sich aus den Messergebnissen ergebenen Widerspru?che des bisherigen einfachen elektrischen Modells basieren auf der Vernachla?ssigung des induzierten Raumladungsfeldes. Das Ladungstransportmodell liefert hierfu?r eine Methode zur Aufteilung der angelegten Spannung in eine Raumladungs- und eine Anregungskomponente. 606 $aTechnology: general issues$2bicssc 610 $aDBE 610 $aEffizienz 610 $aelektrisches Modell 610 $aPlasma 610 $aVUV 615 7$aTechnology: general issues 700 $aTrampert$b Klaus$4auth$01290828 906 $aBOOK 912 $a9910346929203321 996 $aLadungstransportmodell dielektrisch behinderter Entladungen$93021646 997 $aUNINA